Detalles MARC
| 000 -LIDER |
| fixed length control field |
00891nam a22003017a 4500 |
| 001 - NÚMERO DE CONTROL |
| Identificador de número de control |
00123 |
| 003 - IDENTIFICACDOR DE NÚMERO DE CONTROL |
| control field |
DO-SdBNP |
| 005 - DATE AND TIME OF LATEST TRANSACTION |
| control field |
20160328153758.0 |
| 007 - CAMPOS FIJOS DE DESCRIPCIÓN FÍSICA |
| fixed length control field |
00123 |
| 008 - ELEMENTOS DE LONGITUD FIJA |
| fixed length control field |
160328b xxu 1999 |||| |||| 00| 0 spa d |
| 020 ## - ISBN |
| International Standard Book Number |
9780153114380 |
| 040 ## - FUENTE DE CATALOGACIÓN |
| Agencia que crea de manera original el registro |
BPMSU |
| Idioma de catalogación |
spa |
| Agencia que realiza la transcripción |
BPMSU |
| 092 ## - LOCALLY ASSIGNED DEWEY DECIMAL CALL NUMBER |
| Número de clasificación |
xxxxxxxxx |
| Número de ítem (Cutter) |
xxxxxxxxx |
| 245 00 - MENCIÓN DE TITULO |
| Título |
Math advantage / |
| Mención de responsabilidad |
George W. Bright ...[et al.] |
| 260 ## - PUBLICACIÓN, DISTRIBUCIÓN, ETC. (PIE DE IMPRENTA) |
| Lugar de publicación, distribución, etc |
Estados Unidos : |
| Nombre del editor, distribuidor, etc. |
Harcourt Brace, |
| Fecha de publicación, distribución, etc |
1999. |
| 300 ## - DESCRIPCIÓN FÍSICA |
| Extensión |
xxiii, 511 p. : |
| Otros detalles físicos |
il., |
| Dimensiones |
28 cm. |
| 700 10 - ASIENTO SECUNDARIO -- NOMBRE PERSONAL |
| Nombre personal |
Helton, Sonia M., |
| Mención de responsabilidad |
ed. |
| 700 10 - ASIENTO SECUNDARIO -- NOMBRE PERSONAL |
| Nombre personal |
Hollis, Loye Y. (Mickey), |
| Mención de responsabilidad |
ed. |
| 700 10 - ASIENTO SECUNDARIO -- NOMBRE PERSONAL |
| Nombre personal |
Johnson, Hoeard C., |
| Mención de responsabilidad |
ed. |
| 700 10 - ASIENTO SECUNDARIO -- NOMBRE PERSONAL |
| Nombre personal |
McLeod, Joyce C., |
| Mención de responsabilidad |
ed. |
| 700 10 - ASIENTO SECUNDARIO -- NOMBRE PERSONAL |
| Nombre personal |
Neufeld, Evelyn M. |
| Mención de responsabilidad |
ed. |
| 700 10 - ASIENTO SECUNDARIO -- NOMBRE PERSONAL |
| Nombre personal |
Newman, Vicki, |
| Mención de responsabilidad |
ed. |
| 700 10 - ASIENTO SECUNDARIO -- NOMBRE PERSONAL |
| Nombre personal |
Perciante, Terence H., |
| Mención de responsabilidad |
ed. |
| 700 10 - ASIENTO SECUNDARIO -- NOMBRE PERSONAL |
| Nombre personal |
Schultz, Karen A., |
| Mención de responsabilidad |
ed. |
| 700 10 - ASIENTO SECUNDARIO -- NOMBRE PERSONAL |
| Nombre personal |
Burger Thatcher, Muriel, |
| Mención de responsabilidad |
ed. |
| 942 ## - ADDED ENTRY ELEMENTS (KOHA) |
| Source of classification or shelving scheme |
Dewey Decimal Classification |
| Koha item type |
Libros |
| 956 ## - LOCAL ELECTRONIC LOCATION AND ACCESS (OCLC) |
| Nombre de host |
Brenda Tavárez |